00312 a2200133 450000100060000002000180000604000370002410000220006124000290008324500240011230000090013636200090014565000240015476034 a9788593083068 cAnchieta - Colégio São Paulo aNûnez, Emília10aA banda das meninaslpor10aA banda das meninas a[36]0 a2019 4aLiteratura infantil